| 000 | 00981cac a22003135a 4500 | ||
|---|---|---|---|
| 001 | 016527891 | ||
| 003 | OSt | ||
| 005 | 20151021103357.0 | ||
| 008 | 131113t2014 enka frbd 001 0 eng d | ||
| 020 | _a9781292000411 (pbk.) | ||
| 020 | _a1292000414 | ||
| 040 |
_aStDuBDS _beng _cStDuBDS _dEG-ScBUE |
||
| 082 | 0 | 4 |
_a658.872 _bSTR _222 |
| 100 | 1 |
_aStrauss, Judy. _932526 |
|
| 245 | 1 | 0 |
_aE-Marketing / _cJudy Strauss, Raymond Frost, contributions by Nilanjana Sinha. |
| 250 | _a7th ed., International edition. | ||
| 260 |
_aBoston : _bPearson education limited, _cc.2014. |
||
| 300 |
_a496 p. : _bill. ; _c24 cm |
||
| 500 | _aIndex : p. 486-496. | ||
| 500 | _aGlossary : p. 465-477. | ||
| 504 | _aBibliography : p. 478-485. | ||
| 590 | _ashima | ||
| 650 | 0 |
_aInternet marketing. _2BUEsh |
|
| 651 | _2BUEsh | ||
| 653 |
_bCOMAME _cJune2015 _cOctober2015 |
||
| 700 | 1 |
_aFrost, Raymond, _d1960- _932528 |
|
| 700 | 1 |
_aSinha, Nilanjana, _econtributor. |
|
| 942 |
_2ddc _k658.872 STR |
||
| 999 |
_c19662 _d19634 |
||